00903nam a2200265Ia 4500003000400000005001700004008004100021020001400062040000700076041001200083082001700095100003100112245007500143250000600218260003800224300001700262365001300279650002900292650002900321700002800350906008100378942001200459999001900471952014700490OSt20250809172815.0210423s2005 xx 000 0 und d a393962202 cAL aEnglish a320.1 bMACP aNiccolo Machiavelli982957 aPrincec: a revised translation backgrounds interpretations Marginalia a2 aNew YorkbW W Norton & Co.,c2005 axvii,288bPB b250cINR aPolitical Science982958 aPolitical Science982958 aAdams, Robert M9234933 abackgrounds ; interpretations ; Marginalia ; Prince: ; revised ; translation 2ddccBK c158059d158059 00102ddc40708MAENGaSACPGbSACPGd2010-06-26eViva Booksg250.00l1o320.1 MACPpPG004536r2023-06-09 00:00:00s2023-06-02w2021-04-26yBK